Analýza vzniku priemyselných parkov a ich vplyv na rozvoj MSP diplomová práca

Saved in:
Bibliographic Details
Main Author: Repta, Jaroslav
Corporate Author: Fakulta podnikového manažmentu EU. Katedra podnikovohospodárska
Other Authors: Blatnický, Dobroslav, 1972-
Format: Book
Language:Slovak
Published: Bratislava 2009
Tags: Add Tag
No Tags, Be the first to tag this record!

MARC

LEADER 00000nam$a2200000$$$4500
001 0101521
005 20240319130003.7
041 0 |a slo 
044 |a SK 
245 1 0 |a Analýza vzniku priemyselných parkov a ich vplyv na rozvoj MSP  |b diplomová práca  |c Jaroslav Repta ; škol. Dobroslav Blatnický 
264 1 |a Bratislava  |c 2009 
300 |a 70 s. 
100 1 |a Repta, Jaroslav 
700 1 |a Blatnický, Dobroslav, 1972- 
710 2 |a Fakulta podnikového manažmentu EU. Katedra podnikovohospodárska